[Event "68th GRE-ch 2018"]
[Site "Thessaloniki"]
[Date "2018.12.12"]
[Round "1"]
[White "Mastrovasilis, Athanasios"]
[Black "Nikolaidis, Ioannis"]
[Result "1/2-1/2"]
[WhiteElo "2510"]
[BlackElo "2564"]
[Annotator "TA"]
[PlyCount "102"]
[EventDate "2018.12.12"]
[EventType "tourn"]
[EventCountry "GRE"]
[SourceTitle "playchess.com"]
[Source "ChessBase"]
[SourceQuality "1"]

{[%evp 20,102,0,0,37,0,0,0,0,0,22,27,11,6,4,0,0,0,0,0,0,0,0,1,0,0,0,0,0,0,0,0,0,0,6,0,1,0,5,0,0,0,0,0,0,0,0,0,0,0,0,0,0,0,0,0,0,0,0,0,0,0,0,0,0,0,0,0,0,0,0,0,0,0,0,0,0,0,0,0,0,0,0,0,0]} 1. d4 Nf6 2. c4 e6 3. Nc3 Bb4 4. e3 O-O 5. Bd3 c5 6. Nge2 cxd4 7. exd4 d5 8. cxd5 Qxd5 9. O-O Qh5 10. Bf4 Nc6 11. Qb3 {LiveBook: 11 Games} Bxc3 {E48: Nimzo-Indian: Rubinstein: 5 Bd3 d5 including 6 Ne2, but excluding 6 a3} 12. Qxc3 $146 ({Predecessor:} 12. bxc3 b6 13. Rfe1 Bb7 14. Bg3 Rac8 15. Rac1 Rfe8 16. Nf4 Qh6 17. h3 Nh5 18. Nxh5 Qxh5 19. Qb1 {½-½ (37) Jobava,B (2518)-Akopian,V (2656) Ubeda 2001}) 12... Nd5 13. Qd2 Nxf4 14. Qxf4 e5 15. dxe5 Qxe5 16. Qe4 {[%csl Gd3][%cal Re4h7] [#] The position is equal.} g6 17. Nc3 Be6 18. Rfe1 Rfd8 19. Rad1 Qxe4 20. Bxe4 Rxd1 21. Rxd1 Rc8 22. f3 Kf8 23. Bd5 Bxd5 24. Rxd5 $11 {[%mdl 4096] Endgame KRN-KRN} Ke7 25. Kf2 b6 26. Rd2 Na5 27. Re2+ Kf8 28. g4 h6 29. h4 Nc4 30. Nd5 Rc5 31. Nf6 Kg7 32. Ne8+ Kf8 33. Nf6 Kg7 34. Ne8+ Kf8 35. b3 {Nf6 is the strong threat.} Ne5 36. Nf6 {Threatens to win with Rxe5!} Kg7 37. Ne8+ Kf8 38. Nf6 {aiming for Rxe5!} Kg7 39. g5 hxg5 40. hxg5 Nd3+ {[%mdl 64] [#] Discovered Attack} 41. Ke3 Nc1 42. Rg2 Ra5 43. Rc2 Nxa2 44. f4 {White wants to mate with Rc8.} Nb4 45. Rd2 Nc6 46. Rc2 Ne7 47. Ke4 Rb5 48. Rc7 Rb4+ 49. Ke5 Rb5+ 50. Ke4 Rb4+ 51. Ke5 Rb5+ {Accuracy: White = 65%, Black = 83%.} 1/2-1/2

[Event "68th GRE-ch 2018"]
[Site "Thessaloniki"]
[Date "2018.12.12"]
[Round "1"]
[White "Grivas, Efstratios"]
[Black "Ioannidis, Evgenios"]
[Result "1/2-1/2"]
[WhiteElo "2424"]
[BlackElo "2382"]
[Annotator "TA"]
[PlyCount "85"]
[EventDate "2018.12.12"]
[EventType "tourn"]
[EventCountry "GRE"]
[SourceTitle "playchess.com"]
[Source "ChessBase"]
[SourceQuality "1"]

{[%evp 24,85,-27,-27,-35,-66,-27,-19,0,-3,-13,0,0,0,0,0,0,0,0,-25,-23,-30,-30,-30,-29,-30,-25,-29,-31,-26,-31,-40,0,0,0,0,0,0,0,0,10,0,0,0,0,0,0,0,0,0,0,0,0,0,0,-8,0,-8,0,0,0,0,0,0]} 1. Nf3 d5 2. e3 Nf6 3. c4 e6 4. Nc3 Be7 5. d4 O-O 6. Bd3 dxc4 7. Bxc4 a6 8. O-O b5 {D37: Queen's Gambit Declined: 5 Bf4} (8... c5 9. Qe2 b5 10. Bb3 Bb7 11. Rd1 Nbd7 12. e4 b4 13. d5 bxc3 14. dxe6 fxe6 15. Ng5 Qb6 16. Bxe6+ Kh8 17. Bxd7 h6 18. Ne6 Rf7 19. bxc3 Bxe4 {1-0 (39) Cori Tello,J (2657)-Rambaldi,F (2574) Saint Louis 2017}) 9. Bd3 Bb7 10. Qe2 Nbd7 11. Rd1 c5 12. dxc5 Bxc5 13. Ng5 {LiveBook: 4 Games} Qc7 14. Nce4 Be7 $146 (14... h6 $5 {[%cal Rh6g5]} 15. Nxf6+ Nxf6 $17) ({Predecessor:} 14... Nxe4 15. Bxe4 Nf6 16. Bxb7 Qxb7 {½-½ (49) Smeby,O (1980)-Kolbak,J (2181) Drammen 2018}) 15. Bd2 h6 16. Rac1 Qb6 17. Nxf6+ Nxf6 18. Nf3 Ne4 19. Bxe4 Bxe4 20. Ne5 {Threatens to win with Nd7.} Rad8 21. Bc3 {[#] aiming for Nd7.} Rxd1+ 22. Qxd1 Qb7 23. Qg4 Bf5 24. Qg3 b4 25. Bd4 {[#] Hoping for Nc6.} f6 26. Nc6 $1 {[%cal Rc6e7]} e5 27. Qf3 Rc8 {White must now prevent ...Bf8.} 28. Nxe7+ {The position is equal.} Qxe7 29. Qd5+ Kh8 {[%cal Rc8c1]} 30. Rxc8+ Bxc8 31. Bc5 Qe6 32. e4 (32. Qa8 {seems wilder.} Kh7 33. b3 Qd7 34. h3 Bb7 35. Qa7) 32... Qxd5 33. exd5 $11 {[%mdl 4096] Endgame KB-KB} b3 34. axb3 Kg8 35. Kf1 Kf7 36. Ke2 Bb7 37. d6 Ke6 38. g3 h5 39. h4 Bc6 40. Kd3 Bd5 41. Kc3 Kd7 42. b4 Bc6 43. Kd3 {Accuracy: White = 70%, Black = 70%.} 1/2-1/2

[Event "68th GRE-ch 2018"]
[Site "Thessaloniki"]
[Date "2018.12.12"]
[Round "1"]
[White "Gouloutis, Nikolaos"]
[Black "Kourkoulos-Arditis, Stamatis"]
[Result "1/2-1/2"]
[WhiteElo "2353"]
[BlackElo "2424"]
[Annotator "TA"]
[PlyCount "71"]
[EventDate "2018.12.12"]
[EventType "tourn"]
[EventCountry "GRE"]
[SourceTitle "playchess.com"]
[Source "ChessBase"]
[SourceQuality "1"]

{[%evp 18,71,0,11,17,8,20,25,22,25,33,27,33,23,30,-4,-4,-6,-4,-3,0,0,0,0,31,0,0,0,0,0,0,0,0,0,0,0,0,0,0,0,0,0,0,0,0,0,0,-8,0,0,0,0,0,0,0,0]} 1. d4 Nf6 2. Nf3 g6 3. b3 Bg7 4. Bb2 c5 (4... O-O 5. e3 d5 6. c4 c5 7. dxc5 Qa5+ 8. Nbd2 Qxc5 9. Rc1 Nc6 10. a3 a5 11. Be2 Rd8 12. O-O dxc4 13. Nd4 Nxd4 14. Bxd4 Qxa3 15. Nxc4 {0-1 (57) Nakamura,H (2769)-Mamedyarov,S (2808) Paris 2018}) 5. dxc5 Qa5+ 6. Nbd2 {A48: 1 d4 Nf6 2 Nf3 g6: Torre, London and Colle Systems} Qxc5 7. e3 O-O 8. c4 b6 9. Be2 Bb7 10. O-O {LiveBook: 6 Games} Qc7 11. Rc1 Nc6 12. Nb1 $146 ({Predecessor:} 12. Nd4 Rac8 13. Nxc6 Bxc6 {0-1 (76) Betaneli,A (2246)-Di Berardino,D (2525) Montevideo 2018}) 12... Rad8 13. Nc3 Qb8 14. Qd2 d5 15. cxd5 e6 {[%cal Rf6d5]} 16. Rfd1 {Threatens to win with d6.} Nxd5 17. Nxd5 Rxd5 18. Qc2 Nb4 19. Qb1 Bxb2 20. Qxb2 Rfd8 21. a3 (21. Rxd5 {feels hotter.} Nxd5 22. Ne5 f6 23. Ng4 e5 24. e4) 21... Rxd1+ {The position is equal.} 22. Rxd1 Rxd1+ 23. Bxd1 Nd5 24. Ne5 Qc7 25. Bf3 Nc3 26. Bxb7 {[#] And now Ng4 would win.} Qxe5 27. g3 Kf8 28. Ba6 Ke7 29. Bc4 Kf6 30. Qd2 Ne4 31. Qc2 Nd6 32. a4 a5 33. Bd3 Kg7 34. Qc6 Qc5 35. Qxc5 bxc5 36. Kf1 {Accuracy: White = 74%, Black = 65%.} 1/2-1/2

[Event "68th GRE-ch 2018"]
[Site "Thessaloniki"]
[Date "2018.12.12"]
[Round "1"]
[White "Skaperdas, Kostantinos"]
[Black "Kanakaris, Georgios"]
[Result "0-1"]
[WhiteElo "2231"]
[BlackElo "2401"]
[Annotator "RC"]
[PlyCount "118"]
[EventDate "2018.12.12"]
[EventType "tourn"]
[EventCountry "GRE"]
[SourceTitle "playchess.com"]
[Source "ChessBase"]
[SourceQuality "1"]
[TimeControl "40/5400+30:1800+30"]

1. d4 {[%emt 0:00:00]} Nf6 {[%emt 0:02:11]} 2. Nf3 {[%emt 0:01:19]} c5 {[%emt 0:03:17]} 3. d5 {[%emt 0:04:19]} e6 {[%emt 0:00:18]} 4. Nc3 {[%emt 0:02:42]} exd5 {[%emt 0:11:28]} 5. Nxd5 {[%emt 0:00:16]} Nxd5 {[%emt 0:00:03]} 6. Qxd5 {[%emt 0:00:06]} Nc6 {[%emt 0:00:36]} 7. c3 {[%emt 0:17:33]} d6 {[%emt 0:07:10]} 8. Bg5 {[%emt 0:04:20]} Be6 {[%emt 0:18:12]} 9. Qxe6+ {[%emt 0:09:20]} fxe6 {[%emt 0:00:13]} 10. Bxd8 {[%emt 0:00:01]} Rxd8 {[%emt 0:00:07]} 11. e4 {[%emt 0:00:12]} Be7 {[%emt 0:01:11]} 12. Rd1 {[%emt 0:12:07]} a6 {[%emt 0:12:54]} 13. Bc4 {[%emt 0:16:40]} Kd7 {[%emt 0:09:28]} 14. a4 {[%emt 0:01:54]} Rhf8 {[%emt 0:00:57]} 15. O-O {[%emt 0:04:08]} g5 {[%emt 0:07:56]} 16. Ne1 {[%emt 0:06:45]} Ne5 {[%emt 0:03:56]} 17. Be2 {[%emt 0:00:48]} Bf6 {[%emt 0:04:33]} 18. Nd3 {[%emt 0:00:31]} Ke7 {[%emt 0:00:47]} 19. Nxe5 {[%emt 0:01:24]} Bxe5 {[%emt 0:00:04]} 20. g3 {[%emt 0:06:37]} Rb8 {[%emt 0:00:13]} 21. Ra1 {[%emt 0:03:09]} Rf7 {[%emt 0:03:48]} 22. Rfc1 {[%emt 0:05:32]} Rbf8 {[%emt 0:03:28]} 23. Rf1 {[%emt 0:00:01]} Rc8 {[%emt 0:01:43]} 24. Kg2 {[%emt 0:01:04]} Kd7 {[%emt 0:02:32]} 25. Rh1 {[%emt 0:00:34]} Rcf8 26. Raf1 Rg7 {[%emt 0:03:26]} 27. h3 {[%emt 0:01:25]} h6 {[%emt 0:00:25]} 28. Bh5 {[%emt 0:00:34]} Rgg8 {[%emt 0:01:17]} 29. Ra1 Rf6 {[%emt 0:00:08]} 30. Rhd1 {[%emt 0:00:41]} Kc6 {[%emt 0:00:32]} 31. a5 {[%emt 0:00:48]} Rgf8 {[%emt 0:01:07]} 32. Rd2 {[%emt 0:00:01]} b5 {[%emt 0:00:44]} 33. axb6 {[%emt 0:00:07]} Kxb6 {[%emt 0:00:03]} 34. Bd1 {[%emt 0:01:26]} d5 {[%emt 0:01:33]} 35. exd5 {[%emt 0:00:14]} exd5 {[%emt 0:00:03]} 36. Bg4 {[%emt 0:00:29]} d4 {[%emt 0:00:22]} 37. c4 {[%emt 0:00:49]} Bc7 {[%emt 0:00:34]} 38. Re1 {[%emt 0:00:23]} Kc6 {[%emt 0:00:38]} 39. Re6+ {[%emt 0:00:18]} Rxe6 {[%emt 0:00:16]} 40. Bxe6 {[%emt 0:00:00]} Ba5 {[%emt 0:00:00]} 41. Rd3 {[%emt 0:02:32]} Be1 {[%emt 0:10:18]} 42. Bd5+ {[%emt 0:01:10]} Kd6 {[%emt 0:00:29]} 43. Bf3 {[%emt 0:08:05]} h5 {[%emt 0:09:55]} 44. g4 {[%emt 0:09:32]} h4 {[%emt 0:00:55]} 45. Kf1 {[%emt 0:06:35]} Bb4 {[%emt 0:00:06]} 46. Be2 {[%emt 0:01:38]} Ke5 {[%emt 0:00:13]} 47. Bf3 {[%emt 0:01:27]} a5 {[%emt 0:01:56]} 48. Bd1 {[%emt 0:01:13]} Rf4 {[%emt 0:01:25]} 49. b3 {[%emt 0:02:35]} Bc3 {[%emt 0:01:19]} 50. Be2 {[%emt 0:00:59]} Rf8 {[%emt 0:00:45]} 51. Rf3 {[%emt 0:00:32]} Rxf3 {[%emt 0:00:07]} 52. Bxf3 {[%emt 0:00:05]} d3 {[%emt 0:00:03]} 53. Bb7 {[%emt 0:00:47]} Bd2 {[%emt 0:00:08]} 54. Bc6 {[%emt 0:00:38]} Kd4 {[%emt 0:00:36]} 55. Be8 {[%emt 0:00:32]} Kc3 {[%emt 0:00:46]} 56. Ba4 {[%emt 0:00:22]} Kb2 {[%emt 0:00:19]} 57. f3 {[%emt 0:00:22]} Kc1 {[%emt 0:00:13]} 58. Kf2 {[%emt 0:00:22]} Bb4 {[%emt 0:00:20]} 59. f4 {[%emt 0:00:45]} d2 {[%emt 0:00:05]} 0-1

[Event "68th GRE-ch 2018"]
[Site "Thessaloniki"]
[Date "2018.12.12"]
[Round "1"]
[White "Makka, Evanthia"]
[Black "Koutoukidis, Panagiotis"]
[Result "0-1"]
[WhiteElo "2084"]
[BlackElo "2357"]
[Annotator "NA"]
[PlyCount "92"]
[EventDate "2018.12.12"]
[EventType "tourn"]
[EventCountry "GRE"]
[SourceTitle "playchess.com"]
[Source "ChessBase"]
[SourceQuality "1"]
[TimeControl "40/5400+30:1800+30"]

1. d4 {[%emt 0:00:00]} Nf6 {[%emt 0:00:00]} 2. Nf3 {[%emt 0:00:05]} d5 {[%emt 0:00:01]} 3. c4 {[%emt 0:01:31]} e6 {[%emt 0:00:09]} 4. e3 {[%emt 0:00:39]} Be7 {[%emt 0:00:07]} 5. Nbd2 {[%emt 0:05:49]} O-O {[%emt 0:01:30]} 6. b3 {[%emt 0:02:22] D30: Queen's Gambit Declined: Systems without Nc3} b6 {[%emt 0:02:24]} 7. Bb2 {[%emt 0:03:02]} Bb7 {[%emt 0:00:35]} 8. Be2 {[%emt 0:03:45]} (8. Bd3 c5 9. dxc5 Bxc5 10. O-O dxc4 11. Nxc4 Nbd7 12. Qe2 b5 13. Nce5 Nxe5 14. Nxe5 a6 {1-0 (25) Wojtaszek,R (2749)-Svane,R (2555) Doha 2016}) 8... Nbd7 {[%emt 0:00:20]} 9. O-O {[%emt 0:01:43]} c5 {[%emt 0:07:13]} 10. Rc1 {[%emt 0:05:32]} Rc8 {[%emt 0:05:27] LiveBook: 15 Games} 11. cxd5 {[%emt 0:14:23]} Nxd5 {[%emt 0:00:46]} 12. Nc4 {[%emt 0:06:07]} b5 {[%emt 0:05:12]} 13. Nce5 {[%emt 0:03:59]} Nxe5 {[%emt 0:00:09]} 14. Nxe5 {[%emt 0:02:43]} a6 {[%emt 0:00:49]} 15. Bd3 $146 {[%emt 0:07:40]} ({Predecessor:} 15. Qd2 f6 16. Nf3 g5 17. Rfd1 Qb6 18. dxc5 Bxc5 {1-0 (45) Biro,K (2166)-Zelovic,M (2040) Slovakia 2009}) 15... Nf6 {[%emt 0:05:34]} 16. Qe2 {[%emt 0:03:54]} Qd5 {[%emt 0:07:21]} 17. f3 {[%emt 0:02:44]} cxd4 {[%emt 0:01:09]} 18. Bxd4 {[%emt 0:01:52]} Bd6 {[%emt 0:05:36]} 19. f4 {[%emt 0:04:28]} Ba8 {[%emt 0:09:49]} 20. Ng4 {[%emt 0:10:01]} Nxg4 {[%emt 0:01:29]} 21. Qxg4 {[%emt 0:00:09]} g6 {[%emt 0:00:41]} 22. Rcd1 {[%emt 0:03:25]} Bc5 {[%emt 0:05:43]} 23. Be2 {[%emt 0:06:23] [#]} (23. Bxc5 $15 Qxc5 24. Qe2) 23... Bxd4 $1 {[%emt 0:07:08]} 24. Rxd4 {[%emt 0:01:56]} Qc5 {[%emt 0:00:05]} 25. Rfd1 {[%emt 0:02:33]} Qc3 {[%emt 0:00:48]} 26. Kf2 {[%emt 0:01:52]} Qb2 {[%emt 0:00:57]} 27. R1d2 {[%emt 0:02:05]} Rc2 {[%emt 0:00:13]} 28. Rxc2 {[%emt 0:00:21]} Qxc2 {[%emt 0:00:07]} 29. Qg5 {[%emt 0:01:07]} Bd5 {[%emt 0:01:39]} 30. f5 {[%emt 0:01:13]} (30. h4 $15) 30... f6 {[%emt 0:06:49]} 31. Qh6 {[%emt 0:00:53]} Qxf5+ {[%emt 0:00:20]} 32. Rf4 {[%emt 0:00:15]} Qe5 {[%emt 0:01:29]} 33. h4 {[%emt 0:01:17]} (33. Rh4 $17 {keeps fighting.} Qc7 34. Rd4) 33... Qc7 {[%emt 0:05:25]} 34. Rg4 {[%emt 0:00:37]} e5 {[%emt 0:02:25]} 35. Bd3 {[%emt 0:00:33]} (35. e4 {was necessary.} f5 36. exf5) 35... Qg7 {[%emt 0:00:42]} 36. Qxg7+ {[%emt 0:00:14]} Kxg7 {[%emt 0:00:05]} 37. a4 {[%emt 0:00:24]} e4 {[%emt 0:00:49]} 38. Be2 $2 {[%emt 0:00:28]} (38. Bxe4 {is the only way for White.} f5 39. Rxg6+ hxg6 40. Bxd5) 38... f5 {[%emt 0:00:20]} 39. Rg3 {[%emt 0:00:14]} b4 {[%emt 0:01:27]} 40. Bd1 {[%emt 0:00:00]} Rc8 {[%emt 0:00:00]} 41. Rh3 {[%emt 0:06:48]} Rc3 $19 {[%emt 0:01:29]} 42. h5 {[%emt 0:07:25]} Bxb3 {[%emt 0:00:31]} 43. h6+ {[%emt 0:00:08]} Kf6 {[%emt 0:00:14]} 44. Bxb3 {[%emt 0:01:33]} Rxb3 {[%emt 0:00:06]} 45. Rh1 {[%emt 0:00:06]} Ra3 {[%emt 0:00:17]} 46. Rc1 {[%emt 0:00:16]} Ke5 0-1

[Event "68th GRE-ch 2018"]
[Site "Thessaloniki"]
[Date "2018.12.13"]
[Round "2"]
[White "Nikolaidis, Ioannis"]
[Black "Grivas, Efstratios"]
[Result "1/2-1/2"]
[WhiteElo "2564"]
[BlackElo "2424"]
[Annotator "TA"]
[PlyCount "74"]
[EventDate "2018.12.12"]
[EventType "tourn"]
[EventCountry "GRE"]
[SourceTitle "playchess.com"]
[Source "ChessBase"]
[SourceQuality "1"]

{[%evp 9,74,49,36,35,40,39,43,29,37,34,36,32,56,36,49,45,87,57,63,66,63,50,72,70,88,80,84,97,90,68,76,82,96,95,94,58,70,77,75,72,100,100,108,108,88,79,101,44,47,53,57,50,123,106,144,143,139,134,162,18,23,14,28,27,33,0,0]} 1. d4 f5 2. Bf4 Nf6 3. e3 e6 4. Nf3 Bd6 (4... b6 5. Be2 Be7 6. h3 Bb7 7. O-O O-O 8. c4 Ne4 9. Nbd2 Bf6 10. Nxe4 fxe4 11. Nd2 Bxd4 12. Qc2 Na6 {1-0 (44) Skoberne,J (2563)-Cheparinov,I (2693) Batumi 2018}) 5. Bxd6 cxd6 6. c4 {A80: Dutch Defence: Unusual White second moves} O-O $146 ({Predecessor:} 6... b6 7. Nc3 Bb7 8. Be2 O-O 9. O-O Nc6 10. Rc1 Ne7 11. Qb3 Kh8 12. c5 dxc5 13. dxc5 {0-1 (25) Stranginske,N (1844)-Pereira,G (1944) Blumenau 2016}) 7. Nc3 b6 8. d5 {White is slightly better.} Na6 9. Be2 Bb7 10. O-O Nc7 11. Qb3 exd5 12. cxd5 Ba6 13. Qc2 Bxe2 14. Qxe2 Qe7 15. Rfd1 {[%cal Bf1d1,Bd1d4,Bd4a4][%mdl 32]} Rac8 16. Rd4 Ng4 17. Rad1 Ne8 18. h3 Ne5 19. Ra4 a5 20. Nd2 Nf6 21. f4 Nf7 22. Qd3 g6 23. e4 fxe4 24. Ndxe4 Nxe4 25. Rxe4 Qf6 26. Qe3 b5 27. a3 ({Of course not} 27. Nxb5 $6 Qxb2 28. Qb3 Rc2 $11) 27... Rb8 28. Rd2 (28. b4 $16) 28... b4 29. axb4 axb4 30. Ne2 Nh6 {[#]} (30... h5 $14) 31. g4 $1 $16 {[%cal Rg4g5] Threatens to win with g5.} Nf7 32. Ng3 h6 33. Kg2 b3 34. Qd4 ({White should try} 34. Re2 $18) 34... Qxd4 $11 35. Rdxd4 Rfc8 36. Rc4 Rc5 37. Rxc5 dxc5 {Precision: White = 51%, Black = 54%.} 1/2-1/2

[Event "68th GRE-ch 2018"]
[Site "Thessaloniki"]
[Date "2018.12.13"]
[Round "2"]
[White "Kanakaris, Georgios"]
[Black "Kourkoulos-Arditis, Stamatis"]
[Result "0-1"]
[WhiteElo "2401"]
[BlackElo "2424"]
[Annotator "TA"]
[PlyCount "94"]
[EventDate "2018.12.12"]
[EventType "tourn"]
[EventCountry "GRE"]
[SourceTitle "playchess.com"]
[Source "ChessBase"]
[SourceQuality "1"]

{[%evp 21,94,0,0,0,0,-25,3,0,0,-58,-57,-54,-39,-56,-66,-98,-93,-95,-117,-87,-63,-60,0,10,57,37,54,55,60,23,52,31,48,32,27,0,0,0,0,-104,-57,-49,-40,-43,-31,-26,-33,-33,-35,-40,-11,-15,-21,-29,-14,-20,-20,-12,-8,-8,-8,-8,-8,-47,-48,-95,-82,-341,-222,-1700,-1616,-29979,-29980,-29980,-29966]} 1. d4 Nf6 2. c4 g6 3. Nf3 Bg7 4. g3 O-O 5. Bg2 d6 6. O-O Nc6 7. Nc3 Bf5 8. d5 Na5 9. Nd2 c6 10. h3 {E62: King's Indian: Fianchetto: 6...c6 and Panno Variation (6...Nc6) without ...a6} (10. e4 Bg4 11. Qa4 cxd5 12. cxd5 Bd7 13. Qa3 Ng4 14. b4 Rc8 15. Bb2 Nc4 16. Nxc4 Rxc4 17. Qb3 Qc7 18. Rfc1 Nxf2 19. Kxf2 Qb6+ {0-1 (19) Karpov,A (2628)-Fressinet,L (2702) Cap d'Agde 2015}) 10... cxd5 11. cxd5 Rc8 {LiveBook: 6 Games} 12. e4 {The position is equal.} Bd7 13. Rb1 $146 ({Predecessor:} 13. Kh2 b5 14. a3 Qb6 15. f4 e6 16. dxe6 Bxe6 17. f5 {0-1 (28) Thakoerdien,J (2193)-Gavrilov,A (2491) Leiden 2017}) 13... e6 14. dxe6 Bxe6 15. Nf3 {[#]} (15. Re1 $11) 15... Rxc3 $1 $15 {[%mdl 576] Remove Defender} 16. bxc3 Nxe4 17. Bd2 Bxa2 18. Rb4 Bc4 19. Re1 {[%cal Bf1e1,Be1e2,Be2d2][%mdl 32]} d5 ({Weaker is} 19... Nxc3 20. Qc2 $16) 20. Nd4 Nc5 21. Rb1 Nc6 ({Black should play} 21... b6 $15) 22. Be3 $11 {[#] Nxc6 is the strong threat.} Nd3 {Strongly threatening ...Bxd4.} 23. Re2 $36 {[%mdl 3072] White has compensation. White is pushing.} Qc8 24. Rd2 Nde5 25. f4 Nd7 26. Nb5 $1 {[%cal Rb5d6]} Bxb5 27. Rxb5 Nf6 28. Kh2 Re8 {White must now prevent ...a6.} 29. Rd3 a6 $1 {[%cal Ra6b5]} 30. Rc5 (30. Rb6 $11) 30... b6 31. Rcxd5 $1 Nxd5 32. Bxd5 Ne7 33. Ba2 $1 b5 34. Qb3 Rf8 $1 35. c4 Nf5 36. cxb5 axb5 37. Bf2 Qc7 38. Qd5 h5 39. Kg2 b4 40. g4 hxg4 41. hxg4 Nh6 42. Kf3 Qc8 43. Qd7 {next g5 is good for White.} Qc1 {Hoping for ...Qh1+.} 44. Re3 $2 {[%mdl 8192]} (44. Kg3 $17) 44... Qh1+ 45. Kg3 $2 (45. Ke2) 45... Bf6 $19 {[%csl Gh1][%cal Rf6h4]} 46. f5 Bh4+ 47. Kf4 Bxf2 {Accuracy: White = 48%, Black = 76%.} 0-1

[Event "68th GRE-ch 2018"]
[Site "Thessaloniki"]
[Date "2018.12.13"]
[Round "2"]
[White "Ioannidis, Evgenios"]
[Black "Makka, Evanthia"]
[Result "1-0"]
[WhiteElo "2382"]
[BlackElo "2084"]
[Annotator "TA"]
[PlyCount "45"]
[EventDate "2018.12.12"]
[EventType "tourn"]
[EventCountry "GRE"]
[SourceTitle "playchess.com"]
[Source "ChessBase"]
[SourceQuality "1"]

{[%evp 21,45,12,29,0,0,0,32,38,23,15,56,55,85,68,106,93,103,55,52,60,133,170,228,291,704,693]} 1. d4 d5 2. c4 e6 3. Nc3 Nf6 4. cxd5 exd5 5. Bg5 c6 6. e3 h6 7. Bh4 Bd6 8. Bd3 O-O 9. Nge2 Nbd7 10. h3 Re8 11. Qc2 Nf8 {LiveBook: 5 Games. D36: Queen's Gambit Declined: Exchange Variation: Main line (5 Bg5 c6 6 Qc2)} (11... a5 12. g4 a4 13. Rg1 a3 14. b3 g5 15. Bg3 Bb4 16. O-O-O Qe7 17. Bf5 Ne4 18. Nxe4 dxe4 19. h4 {1-0 (28) Moiseenko,V (2522)-Antonenko,V (2343) Sochi 2018}) 12. O-O-O a5 13. g4 Be7 $146 {The position is equal.} ({Predecessor:} 13... b5 14. Kb1 Ba6 15. e4 b4 16. e5 g5 17. Bg3 Bxd3 18. Rxd3 bxc3 19. Nxc3 {½-½ (43) Gromark,P (2303)-Rogos,J (2358) ICCF email 2011}) 14. f3 N6h7 {[%cal Bf6h7,Bh7g5,Bg5f3][%mdl 32]} 15. Bxe7 Rxe7 16. e4 Ng5 17. exd5 Nxf3 18. dxc6 bxc6 19. Be4 Ng5 20. Bxc6 Bb7 {[#]} (20... Rb8 $1 $14) 21. d5 $1 $16 Qc8 (21... Qb6 $142) 22. Nd4 $18 Nd7 $2 (22... Bxc6 23. dxc6 Re5) 23. Nf5 {Accuracy: White = 74%, Black = 27%.} 1-0

[Event "68th GRE-ch 2018"]
[Site "Thessaloniki"]
[Date "2018.12.13"]
[Round "2"]
[White "Koutoukidis, Panagiotis"]
[Black "Gouloutis, Nikolaos"]
[Result "1/2-1/2"]
[WhiteElo "2357"]
[BlackElo "2353"]
[Annotator "TA"]
[PlyCount "113"]
[EventDate "2018.12.12"]
[EventType "tourn"]
[EventCountry "GRE"]
[SourceTitle "playchess.com"]
[Source "ChessBase"]
[SourceQuality "1"]

{[%evp 27,113,0,0,0,8,-33,88,71,138,54,57,20,33,1,127,203,181,152,271,217,248,252,316,239,252,227,228,260,294,197,188,184,297,274,294,280,577,581,610,591,616,358,787,828,793,770,678,585,825,776,760,736,951,487,488,488,432,339,316,0,0,0,0,0,0,0,0,-138,-146,-1272,0,0,0,0,0,0,0,0,0,0,0,0,0,0,0,0,0,0]} 1. e4 {[%cal Be2e4,Be4e5][%mdl 32]} e6 2. d4 d5 3. Nc3 {[%cal Bb1c3,Bc3a4,Ba4b2][%mdl 32]} Nf6 4. e5 Nfd7 5. f4 c5 6. Nf3 Nc6 7. Be3 Qb6 8. Na4 Qa5+ 9. c3 b6 10. Bd2 c4 11. b4 Qa6 {C11: French: Classical System: 4 e5 and 4 Bg5 dxe4} 12. Nb2 (12. Be2 Be7 13. O-O f5 14. Qc2 O-O 15. Kh1 Qb7 16. Rg1 Rf7 17. g4 b5 18. gxf5 Rxf5 19. Nc5 Nxc5 20. bxc5 {0-1 (57) Karjakin,S (2773)-Duda,J (2737) chess.com INT 2018}) 12... b5 13. a4 bxa4 14. Nxa4 Qb5 {LiveBook: 3 Games} 15. Nc5 a5 16. f5 $146 (16. Nb3 $5) ({Predecessor:} 16. Nb3 Be7 17. Nxa5 Nxa5 18. Qa4 Qxa4 19. Rxa4 {0-1 (36) Krogh,C (2330)-Danielian,O (2440) Hallsberg 1993}) 16... Nxc5 (16... exf5 $15 17. Be2 Ra7) 17. bxc5 $16 a4 ({Black should try} 17... Rb8) 18. Rb1 (18. f6 $1 $16) 18... Qa5 $14 19. fxe6 Bxe6 20. Ng5 $1 $36 {[%mdl 2048] White is more active.} Be7 (20... a3 $11) 21. Nxe6 $16 fxe6 22. Qg4 $1 {[%csl LRe6,LRg7][%mdl 64] Double Attack} Nd8 (22... Kd7 $16) 23. Qxg7 $18 Rf8 24. Be2 (24. Qxh7 a3 $14) 24... Ra7 25. Qxh7 a3 26. Qc2 a2 27. Ra1 $1 Nc6 28. Qg6+ Kd7 29. Bg4 Nd8 {[#]} (29... Kc7 {was called for.}) 30. Bxe6+ $1 {[%mdl 512]} Nxe6 {[#]} 31. c6+ $1 {[%mdl 512]} Kd8 $2 (31... Kc7 {keeps fighting.} 32. Qxe6 Kb8) (31... Kxc6 32. Qxe6+) 32. Qxe6 Qb5 33. Ke2 {Hoping for Rxa2!} Qb2 34. Qxd5+ Ke8 $2 (34... Kc8 35. Qe6+ Kb8) 35. Rhf1 {White wants to mate with Rxf8+.} Qc2 36. Rxf8+ Bxf8 37. Qe6+ Kd8 38. Qxc4 Qe4+ 39. Kf2 $1 Qb1 40. Bg5+ (40. Rxb1 axb1=Q 41. Bg5+ Be7 $16) 40... Kc7 41. Qf7+ {[%mdl 64] Double Attack} (41. Rxb1 axb1=Q 42. Qf7+ Kxc6 $18) 41... Kxc6 42. Qf3+ (42. Qxf8 Qxa1 43. Qd6+ Kb7 $16) 42... Kc7 43. Bd8+ $2 (43. Qxf8 Qxa1 44. Qf7+ Kc8 $11) (43. Qf7+ Kc6 $18) (43. Rxb1 $18 {White threatens Qf7+ and mate.} axb1=Q 44. Qf7+ Kb6 45. Bd8+ (45. Qxf8 Ra2+ 46. Kg3 Qe1+ 47. Kg4 Rxg2+ 48. Kh3 Qe4 $18) 45... Ka6 46. Qxf8) 43... Kc8 $11 44. Qxf8 Qxa1 {[%mdl 4096] Endgame KQR-KQB} 45. Be7+ Kb7 46. Qf3+ Kc8 {Threatens to win with ...Qb2+.} 47. Qg4+ (47. Qf5+ $11 {remains equal.} Rd7 48. Qf8+ Kb7 49. Qf3+ Kc7 50. Bd6+ Kb6 51. Bc5+ Kc7 52. Bd6+ Kb6 53. Bc5+ Kc7 54. Bd6+) 47... Kc7 $1 $17 48. Bd8+ $2 {[%mdl 8192] [#]} ({Avoid the trap} 48. Bd6+ $2 Kb6 $19) (48. Bb4 $17) 48... Kxd8 $2 ({Black should play} 48... Kb8 $1 $19 49. Qg8 Qb2+ 50. Kg3 Qxc3+ {[%mdl 64] Double Attack} 51. Kh4 Qxd4+ 52. Kh5 {[#]} Rh7+ $1 {[%mdl 576] Promotion} 53. Qxh7 Qxd8) 49. Qg8+ $11 {The position is equal.} Ke7 {...Qb2+ is the strong threat.} 50. Qg7+ Ke6 51. Qg6+ Kd5 52. Qg8+ $1 Ke4 53. Qg6+ Kd5 54. Qg8+ $1 Kc6 {Strongly threatening ...Qb2+.} (54... Ke4 $5 55. Qg6+ $8 Kd5 $11) 55. Qe6+ Kb7 56. Qd7+ Kb8 57. Qd8+ {Accuracy: White = 53%, Black = 31%.} 1/2-1/2